Music Quiz

Random Music or Song Quiz

Fleetwood Mac Song Titles in Latin Quiz Stats

 Plays Quiz not verified by Sporcle

Support Sporcle.
Go Orange.
Score 0/17 Timer 06:00
0 Plays Today
Hint Answer % Correct
Magnus amorBig Love
91.1%
Tene meHold Me
67.8%
Dicis quod amas meSay You Love Me
66.7%
SomniorumDreams
64.4%
Aurum pulverem mulierGold Dust Woman
62.2%
Sorores lunaeSisters of the Moon
58.9%
Septem spectaculorumSeven Wonders
56.7%
Abi tacitus tuam viamGo Your Own Way
52.2%
Ne desineDont Stop
50%
Hint Answer % Correct
CatenamThe Chain
47.8%
Lapsus terraeLandslide
45.6%
UndiqueEverywhere
41.1%
Super caput meumOver My Head
40%
Numquam retrorsumNever Going Back Again
36.7%
Parum mendaciumLittle Lies
34.4%
MutilatoTusk
32.2%
Nolo scireI Dont Want to Know
23.3%

You're not logged in!

Compare scores with friends on all Sporcle quizzes.
OR
Log In

From the Vault

Don't Touch the MCU!

by mikenew

Be careful when handling the Infinity Gauntlet, or you might accidentally kill half of all life in the universe.
Remove Ads.
Support Sporcle.
Get the best of Sporcle when you Go Orange. This ad-free experience offers more features, more stats, and more fun while also helping to support Sporcle. Thank you for becoming a member.

Show Comments

Extras

Created Jan 17, 2016ReportNominate
Tags:Latin Quiz, Song Quiz, mac

Top Quizzes Today


Score Distribution

Your Account Isn't Verified!

In order to create a playlist on Sporcle, you need to verify the email address you used during registration. Go to your Sporcle Settings to finish the process.

Report this User

Report this user for behavior that violates our Community Guidelines.

Details: